| 000 | 00541nam a2200169 a 4500 | ||
|---|---|---|---|
| 001 | 000046405 | ||
| 005 | 20201002052839.0 | ||
| 008 | 150807s1988 dr 000 0 spa d | ||
| 040 |
_aDO-SdBNP _bspa _cBNPHU |
||
| 082 |
_axxxx _bxxxx |
||
| 245 | 0 | 0 | _aRequerimiento de la economía a la educación /. |
| 260 |
_aSanto Domingo : _bEmpresas Unidas, _c1988. |
||
| 300 |
_a37 p. ; _c21 cm. |
||
| 490 | 0 |
_aPlan educativo _v1 |
|
| 590 | _aPerteneció a la biblioteca personal de Chiqui Vicioso/Fidelio Despradel | ||
| 830 | 0 |
_aPlan educativo _n1 _974427 |
|
| 999 |
_c45894 _d45894 |
||